TMBG Discography - Statistics

General Stats
  • This quiz has been taken 69 times
  • The average score is 19 of 26
Answer Stats
Answer % Correct
They Might Be Giants
98%
Flood
93%
Lincoln
93%
Apollo 18
91%
John Henry
91%
Book
86%
Mink Car
86%
Factory Showroom
84%
The Else
84%
Nanobots
82%
No!
80%
Glean
77%
The Spine
77%
Long Tall Weekend
75%
Here Comes Science
73%
I Like Fun
73%
Join Us
73%
Why?
73%
Here Come The ABCs
70%
Phone Power
70%
Here Come The 123s
68%
My Murdered Remains
68%
The Escape Team
55%
Who Are The Electors?
14%
T-Shirt
9%
O Tannenbaum
7%
No matching quizzes found
Score Distribution
Percent of People with Each Score
Percentile by Number Answered
Your Score History
You have not taken this quiz